000 01250nam0a2200313 4500
001 RU\NLR\bibl\1080911
005 20250615050035.0
010 _a5-02-018547-7
_9700
021 _aRU
_b2007-19642
_91045
035 _a(NLR Aleph) 001068096
090 _a981188
_c981189
100 _a20070503d2007 |||y0rusy50 ca
101 0 _arus
102 _aRU
105 _ay |||||||||
200 1 _aВведение в грузинскую филологию
_fЛ.О. Башелеишвили
_gМоск. гос. ун-т им. М.В. Ломоносова, Ин-т стран Азии и Африки, Центр Кавказа и центр. Азии
210 _aМосква
_cВосточная литература
_d2007
215 _a77 с.
_d24
320 _aБиблиогр. в подстроч. примеч.
606 1 _aГрузинская филология
_9909415
_3RU\NLR\auth\66331798
686 _aШ060.11
700 1 _4070
_7ca
_8rus
_aБашелеишвили
_bЛ. О.
_gЛиана Отаровна
_9191653
_3RU\NLR\AUTH\770191704
801 0 _aRU
_bNLR
_c20070503
_gRCR
801 1 _aRU
_bNLR
_c20070503
830 _aАвт. раскрыт по кн.
942 _cBOOK
980 _aNB